Catholic University of Zimbabwe Library
Online Public Access Catalogue
(OPAC)

Refugee crises and third-world economies : (Record no. 29455)

MARC details
000 -LEADER
fixed length control field 02756nam a2200421Iu 4500
001 - CONTROL NUMBER
control field 9781839821929
003 - CONTROL NUMBER IDENTIFIER
control field UtOrBLW
005 - DATE AND TIME OF LATEST TRANSACTION
control field 20210303084745.0
006 - FIXED-LENGTH DATA ELEMENTS--ADDITIONAL MATERIAL CHARACTERISTICS
fixed length control field m o d
007 - PHYSICAL DESCRIPTION FIXED FIELD--GENERAL INFORMATION
fixed length control field cr un|||||||||
008 - FIXED-LENGTH DATA ELEMENTS--GENERAL INFORMATION
fixed length control field 200616t20202020enk o 001 0 eng d
020 ## - INTERNATIONAL STANDARD BOOK NUMBER
International Standard Book Number 9781839821929
040 ## - CATALOGING SOURCE
Original cataloging agency UtOrBLW
Language of cataloging eng
Description conventions rda
Transcribing agency UtOrBLW
043 ## - GEOGRAPHIC AREA CODE
Geographic area code d------
050 #4 - LIBRARY OF CONGRESS CALL NUMBER
Classification number JV6346
Item number .R44 2020
072 #7 - SUBJECT CATEGORY CODE
Subject category code SOC066000
Source bisacsh
072 #7 - SUBJECT CATEGORY CODE
Subject category code JFFD
Source bicssc
080 ## - UNIVERSAL DECIMAL CLASSIFICATION NUMBER
Universal Decimal Classification number 325
082 04 - DEWEY DECIMAL CLASSIFICATION NUMBER
Classification number 305.906914
Edition number 23
245 00 - TITLE STATEMENT
Title Refugee crises and third-world economies :
Remainder of title policies and perspectives /
Statement of responsibility, etc. edited by Dr Sourav Kumar Das (Lalbaba College, India), and Dr Nidhi Chowdhary.
264 #1 - PRODUCTION, PUBLICATION, DISTRIBUTION, MANUFACTURE, AND COPYRIGHT NOTICE
Name of producer, publisher, distributor, manufacturer Emerald Publishing Limited,
300 ## - PHYSICAL DESCRIPTION
Extent 1 online resource (xxi, 160 pages) ;
Dimensions cm
500 ## - GENERAL NOTE
General note Includes index.
520 ## - SUMMARY, ETC.
Summary, etc. The global political economy is currently in the midst of a refugee crisis, one that is complex and that remains poorly researched and under-theorized within both economics and political science. There is little understanding of the many diverse political, economic and geographical situations that led to it, and refugees are all too often included in the category of forced migrants. Refugee Crisis and Third-World Economies provides a much-needed corrective to such blind spots and oversimplifications. The ten chapters written by eminent scholars offer a unique interdisciplinary investigation into the complicated ramifications of the refugee crisis. It identifies the major socio-political factors that create refugee crises, including political instability, unemployment, a lack of GDP growth, and a lack of medical facilities. It offers unique insights into the crisis's economic impact on asylum countries. It discusses how relevant states, UN agencies, NGOs, and refugees themselves can work together to improve the lot of refugees. And perhaps most importantly, it provides detailed empirical investigations into specific refugee groups and their struggle for legal assistance, socio-political recognition, and personal stability. For its theoretical rigor and granular empirical insights, this book is essential reading for both researchers and policymakers working on refugee crises worldwide.
588 0# - SOURCE OF DESCRIPTION NOTE
Source of description note Print version record.
650 #0 - SUBJECT ADDED ENTRY--TOPICAL TERM
Topical term or geographic name entry element Refugees.
650 #0 - SUBJECT ADDED ENTRY--TOPICAL TERM
Topical term or geographic name entry element Forced migration.
650 #7 - SUBJECT ADDED ENTRY--TOPICAL TERM
Topical term or geographic name entry element Social Science, Refugees.
Source of heading or term bisacsh
650 #7 - SUBJECT ADDED ENTRY--TOPICAL TERM
Topical term or geographic name entry element Refugees & political asylum.
Source of heading or term bicssc
700 1# - ADDED ENTRY--PERSONAL NAME
Personal name Kumar Das, Sourav,
Relator term editor.
700 1# - ADDED ENTRY--PERSONAL NAME
Personal name Chowdhary, Nidhi,
Relator term editor.
776 ## - ADDITIONAL PHYSICAL FORM ENTRY
International Standard Book Number 9781839821912
856 40 - ELECTRONIC LOCATION AND ACCESS
Uniform Resource Identifier <a href="https://doi.org/10.1108/9781839821905">https://doi.org/10.1108/9781839821905</a>
Holdings
Withdrawn status Lost status Source of classification or shelving scheme Damaged status Not for loan Home library Current library Shelving location Date acquired Total Checkouts Full call number Date last seen Uniform Resource Identifier Price effective from Koha item type
          Digital Library Digital Library Online Access 03.03.2021   JV6346 .R44 2020 03.03.2021 https://doi.org/10.1108/9781839821905 03.03.2021 eBook

OPENING HOURS

Weekdays: 0815hrs - 1800hrs
Weekends:0900hrs - 1200hrs

Closed for Mass:

Mon, Thur: 1200hrs - 1300hrs
Sunday & Public Holiday’s

CALL SUPPORT

0242-570570, 0242-570169
09200664, +263 8644140602

LOCATION

18443, Cranborne Avenue, Hatfield, Harare

Other Links


©2021 | CUZ Library